Océano pocket: diccionario inglés-español español-inglés
Αποθηκεύτηκε σε:
| Μορφή: | Βιβλίο |
|---|---|
| Γλώσσα: | Ισπανικά |
| Έκδοση: |
Ciudad de México
Océano
2008
|
| Θέματα: | |
| Ετικέτες: |
Προσθήκη ετικέτας
Δεν υπάρχουν, Καταχωρήστε ετικέτα πρώτοι!
|
MARC
| LEADER | 00000nam a2200000 a 4500 | ||
|---|---|---|---|
| 001 | UCI7193 | ||
| 003 | CL-VaPUC | ||
| 008 | 080613e20080000MX |||||||||||||||||spa|d | ||
| 020 | |a 9789686321265 | ||
| 082 | 0 | 4 | |a 463.21 |b OCE |2 21 |
| 245 | 1 | 0 | |a Océano pocket: diccionario inglés-español español-inglés |
| 300 | |a 791 p | ||
| 942 | |c BK | ||
| 945 | |d 20080613 00:00:00 |a jtorresc | ||
| 260 | |a Ciudad de México |b Océano |c 2008 | ||
| 650 | 0 | |a Diccionarios |9 256200 | |
| 650 | 0 | |a Inglés-español |9 530331 | |
| 650 | 0 | |a Español-inglés |9 530332 | |
| 583 | |a last modification |c 20080613 00:00:00 |k Rodrigo Vera | ||
| 999 | |c 330544 |d 330542 | ||
| 952 | |0 0 |1 0 |2 ddc |4 0 |6 463_210000000000000_OCE_2008 |7 0 |8 R |9 416132 |a BIBCUR |b BIBCUR |d 2019-11-22 |i 4449169 |o 463.21 OCE 2008 |p 4449169 |r 2025-04-22 |w 2019-11-22 |y BK_R |k CIM | ||
| 952 | |0 0 |1 0 |2 ddc |4 0 |6 463_210000000000000_OCE_2008 |7 0 |8 R |9 416133 |a BIBCUR |b BIBCUR |d 2019-11-22 |i 4449177 |l 1 |o 463.21 OCE 2008 |p 4449177 |r 2025-04-22 |s 2023-06-09 |w 2019-11-22 |y BK_R |k CIM | ||
| 952 | |0 0 |1 0 |2 ddc |4 0 |6 463_210000000000000_OCE_2008 |7 0 |8 R |9 416134 |a BIBCUR |b BIBCUR |d 2019-11-22 |i 4449185 |o 463.21 OCE 2008 |p 4449185 |r 2025-04-22 |w 2019-11-22 |y BK_R |k CIM | ||
| 952 | |0 0 |1 0 |2 ddc |4 0 |6 463_210000000000000_OCE_2008 |7 0 |8 R |9 416135 |a BIBCUR |b BIBCUR |d 2019-11-22 |i 4449193 |l 2 |o 463.21 OCE 2008 |p 4449193 |r 2025-04-22 |s 2024-08-23 |w 2019-11-22 |y BK_R |k CIM | ||
| 952 | |0 0 |1 0 |2 ddc |4 0 |6 463_210000000000000_OCE_2008 |7 0 |8 R |9 416136 |a BIBCUR |b BIBCUR |d 2019-11-22 |i 4449207 |l 1 |o 463.21 OCE 2008 |p 4449207 |r 2025-04-22 |s 2024-05-24 |w 2019-11-22 |y BK_R |k CIM | ||
| 952 | |0 0 |1 0 |2 ddc |4 0 |6 463_210000000000000_OCE_2008 |7 0 |8 R |9 416137 |a BIBCUR |b BIBCUR |d 2019-11-22 |i 4449215 |o 463.21 OCE 2008 |p 4449215 |r 2025-04-22 |w 2019-11-22 |y BK_R |k CIM | ||
| 952 | |0 0 |1 0 |2 ddc |4 0 |6 463_210000000000000_OCE_2008 |7 0 |8 R |9 416138 |a BIBCUR |b BIBCUR |d 2019-11-22 |i 4449223 |l 1 |o 463.21 OCE 2008 |p 4449223 |r 2025-04-22 |s 2025-01-22 |w 2019-11-22 |y BK_R |k CIM | ||
| 952 | |0 0 |1 0 |2 ddc |4 0 |6 463_210000000000000_OCE_2008 |7 0 |8 R |9 416139 |a BIBCUR |b BIBCUR |d 2019-11-22 |i 4449231 |o 463.21 OCE 2008 |p 4449231 |r 2025-04-22 |w 2019-11-22 |y BK_R |k CIM | ||